Manushyavakasa samrakshana niyamangal: (Record no. 69504)

000 -LEADER
fixed length control field 00429nam a22001457a 4500
020 ## - INTERNATIONAL STANDARD BOOK NUMBER
ISBN 9789383845224
082 ## - DEWEY DECIMAL CLASSIFICATION NUMBER
Classification number M 323
Item number BAB/M
245 ## - TITLE STATEMENT
Title Manushyavakasa samrakshana niyamangal:
Sub Title dwibhashayil - englishlum malayalathilum/
Statement of responsibility, etc by Babu K (ed.)
260 ## - PUBLICATION, DISTRIBUTION, ETC. (IMPRINT)
Place of publication Ernakulam:
Name of publisher Swamy Law House,
Year of publication 2015.
300 ## - PHYSICAL DESCRIPTION
Number of Pages 181p.
650 ## - SUBJECT ADDED ENTRY--TOPICAL TERM
Topical Term Civil & Political Rights
650 ## - SUBJECT ADDED ENTRY--TOPICAL TERM
Topical Term Political Science
650 ## - SUBJECT ADDED ENTRY--TOPICAL TERM
Topical Term Social Sciences
942 ## - ADDED ENTRY ELEMENTS (KOHA)
Koha item type Book
Holdings
Withdrawn status Lost status Damaged status Not for loan Permanent Location Current Location Shelving location Date acquired Cost, normal purchase price Full call number Accession Number Price effective from Koha item type
        Sree Sankaracharya University of Sanskrit Sree Sankaracharya University of Sanskrit Stacks 06.01.2018 160.00 M 323 BAB/M 086616 06.01.2018 Book